Top 25 Nombres de Sacks NFL saison 2024-25 - Statistiques

Statistiques générales
  • Ce quiz a été pris 65 fois
  • Le résultat moyen est 8 sur 25
Statistiques - réponses
Sacks Equipes Joueurs % Correct
14 Browns Myles Garrett
89%
11.5 Steelers T.J. Watt
76%
17.5 Bengals Trey Hendrickson
69%
9 49ers Nick Bosa
61%
12 Cowboys Micah Parsons
59%
12 Texans Danielle Hunter
46%
11 Texans Will Anderson Jr.
46%
13.5 Broncos Nik Bonitto
41%
8.5 Giants Brian Burns
39%
9 Giants Dexter Lawrence II
39%
11 Seahawks Leonard Williams
39%
8.5 Broncos Zach Allen
39%
11.5 Vikings Andrew Van Ginkel
28%
12.5 Ravens Kyle Van Noy
28%
10.5 Jaguars Travon Walker
26%
9 Lions Za'Darius Smith
24%
12 Vikings Jonathan Greenard
20%
8.5 Rams Braden Fiske
11%
10.5 Broncos Jonathan Cooper
11%
10.5 Jets Will McDonald IV
11%
10 Ravens Odafe Oweh
7%
9 Titans Harold Landry III
6%
8.5 49ers Leonard Floyd
6%
10.5 Commanders Dante Fowler
2%
10 Dolphins Zach Sieler
0%
Aucun quiz correspondant
Distribution des résultats
% des personnes avec chaque résultat
Percentile par nombre de réponses
Votre historique - résultats
Vous n’avez pas pris ce quiz